000 00907nam a22003017a 4500
003 CHAP
005 20220329134917.0
008 971013s1959 r 00010 d
010 _a27911
011 _a28883
035 _a32994
040 _cCHAP
090 _aFolleto 3490
100 0 0 _aMcClung, A. C.
_973397
245 _aSulphur and phosphorus responses of batatais grass (Paspalum notatum(
260 _aNew York :
_bIBEC Research Institute,
_c1959
300 _a16 p.
_b; gráfs. : ilus
490 _aBulletin
_v; 18
590 _aBATCH-UPD
_b10
_c20130110
_lUCH01
_h1940
590 _aCONVERSION
_b10
_c20130109
_lUCH01
_h1316
650 1 4 _aFertilizantes
_xEfecto en pastos.
_940536
650 1 4 _aPaspalum notatum.
_985871
700 0 _aQuinn, L. R.
_993337
830 0 _aBulletin
_v; 18
_916039
901 _aBK
942 _cFOLL
949 _aFolleto 3490
_bBC
_cFOLL
_d-76755
_eTS1
_i32994
_mD
_si
999 _c27911
_d27911